000
00193 a2200097 4500
020
_a
9789707871175
041
_a
spa
100
_a
Anonimo
245
_a
lo que los jovenes preguntan
942
_c
BK
999
_c
30962
_d
30960